书目信息 |
| 题名: |
语言文字规范手册
|
|
| 作者: | 杨林成 主编 | |
| 分册: | ||
| 出版信息: | 上海 上海远东出版社 2015 |
|
| 页数: | 287页 | |
| 开本: | 21cm | |
| 丛书名: | ||
| 单 册: | ||
| 中图分类: | H102-62 | |
| 科图分类: | ||
| 主题词: | 汉语规范化--han yu gui fan hua--手册 | |
| 电子资源: | ||
| ISBN: | 978-7-5476-0959-0 | |
| 000 | 00852nam0 22002291 450 | |
| 001 | 0109172417 | |
| 005 | 20170309172417.0 | |
| 010 | @a978-7-5476-0959-0@dCNY28.00 | |
| 100 | @a20150522d2015 em y0chiy50 ea | |
| 101 | 0 | @achi |
| 102 | @aCN@b310000 | |
| 105 | @ay z 000yy | |
| 106 | @ar | |
| 200 | 1 | @a语言文字规范手册@9yu yan wen zi gui fan shou ce@f杨林成主编 |
| 210 | @a上海@c上海远东出版社@d2015 | |
| 215 | @a287页@d21cm | |
| 330 | @a本书选编八种比较重要的语文法规(《通用规范汉字表》仅节录其对一般编校人员实用性较强的附件《规范字与繁体字、异体字对照表》),此外,还编选了五篇稿件,从字、词、句子、标点等角度指点出版物中高频语言文字差错。 | |
| 606 | 0 | @a汉语规范化@9han yu gui fan hua@j手册 |
| 690 | @aH102-62@v5 | |
| 701 | 0 | @a杨林成@9yang lin cheng@c(副编审)@4主编 |
| 801 | 0 | @aCN@bTANGWEI@c20170308 |
| 905 | @b0953296-9@dH102-62@e174@f4 | |
| 语言文字规范手册/杨林成主编.-上海:上海远东出版社,2015 |
| 287页;21cm |
| ISBN 978-7-5476-0959-0:CNY28.00 |
| 本书选编八种比较重要的语文法规(《通用规范汉字表》仅节录其对一般编校人员实用性较强的附件《规范字与繁体字、异体字对照表》),此外,还编选了五篇稿件,从字、词、句子、标点等角度指点出版物中高频语言文字差错。 |
| ● |
| 相关链接 |
|
|
|
|
正题名:语言文字规范手册
索取号:H102-62/174
 
预约/预借
| 序号 | 登录号 | 条形码 | 馆藏地/架位号 | 状态 | 备注 |
| 1 | 0953296 | 209532969 | 第二样本阅览室/ [索取号:H102-62/174] | 在馆 | |
| 2 | 0953297 | 209532978 | 密集书库-文学院/ [索取号:H102-62/174] | 在馆 | |
| 3 | 0953298 | 209532987 | 第四借阅区/ [索取号:H102-62/174] | 在馆 | |
| 4 | 0953299 | 209532996 | 第四借阅区/ [索取号:H102-62/174] | 在馆 |